The Miley Cyrus Quiz - Statistics

General Stats
  • This quiz has been taken 21,305 times
  • The average score is 11 of 20
Answer Stats
Hint Answer % Correct
Her Disney Channel show Hannah Montana
98%
Her father's name Billy Ray
92%
Dance move she performed at the 2013 VMA's Twerk
83%
Her godmother (famous country singer) Dolly Parton
74%
Theme song of that show The Best of Both Worlds
68%
Her ex-husband Liam Hemsworth
67%
#1 single (2013) Wrecking Ball
66%
Her father's most famous song Achy Breaky Heart
64%
Person she did this with Robin Thicke
64%
Character she played on that show Miley {Stewart}
55%
City where she was born Nashville
49%
#2 single (2009) Party in the U.S.A.
46%
Her birth name Destiny
44%
#2 single (2013) We Can't Stop
42%
She was the voice of Penny in this animated movie Bolt
39%
#4 single (2009) The Climb
35%
Album (2013) Bangerz
33%
Album (2010) Can't Be Tamed
24%
Album (2008) Breakout
14%
Album (2007) Meet Miley Cyrus
9%
No matching quizzes found
Score Distribution
Percent of People with Each Score
Percentile by Number Answered
Your Score History
You have not taken this quiz